| 000 | 00642nam a2200193 a 4500 | ||
|---|---|---|---|
| 005 | 20140310183343.0 | ||
| 008 | 061220s19uu xx 00 eng d | ||
| 020 | _a1592532195 | ||
| 050 |
_aNC 998.5.A1 _b.C97 2006 |
||
| 100 | _aCyr, Liza L. | ||
| 245 |
_aInnovative promotions that work : _ba quick guide to the essentials of effective design. |
||
| 260 |
_aU.S.A : _bRockport Publishers, _c2006. |
||
| 300 |
_a192 p. : _bcol.. ill. _c29 cm. |
||
| 521 | _aMA | ||
| 650 |
_aCommercial art _xUnited States _xHistory _x21st century. |
||
| 650 |
_aGraphic arts _xUnited States _xHistory _x21st century. |
||
| 942 |
_cBK _2lcc _kFOR |
||
| 999 |
_c21872 _d21872 |
||